00321pam a2200145a 44500008004100000020000900041041001200050082000900062100001400071245002300085250000600108260004400114300000800158650000900166230515b1986 xxu||||| |||| 00| 0 eng d aNULL aENGLISH aN.D. aJain P.L. aFoundry Technology a0 aNULLbTata McGraw Hill Publishingc1986 a264 aNULL